000 00363pab a2200145 454500
008 180718b2004 xxu||||| |||| 00| 0 eng d
100 _aLagree, Jean Charles
245 _aYouth, families and global transformation (Review essay)
260 _c2004
300 _ap.103-110.
362 _aJan
650 _aYouth
773 _aCurrent Sociology
909 _a59533
999 _c59533
_d59533